[Event "GER-ch U25-C"]
[Site "Willingen"]
[Date "2023.06.01"]
[Round "7"]
[White "Hendricks, Ole"]
[Black "Claussen, Daniela"]
[Result "0-1"]
[WhiteElo "1263"]
[BlackElo "1043"]
[PlyCount "42"]
[EventDate "2023.05.27"]
[EventType "swiss"]
[EventRounds "9"]
[EventCountry "GER"]
[SourceTitle "CBM 214 Extra"]
[Source "ChessBase"]
[SourceDate "2023.07.31"]
[SourceVersion "1"]
[SourceVersionDate "2023.07.31"]
[SourceQuality "1"]

1. e4 e6 2. d4 b6 3. Nd2 Bb7 4. Bd3 f5 5. exf5 Bxg2 6. Qh5+ g6 7. fxg6 Bg7 8. gxh7+ Kf8 9. Ne4 Bxh1 10. Bg5 Nf6 11. Nxf6 Bxf6 12. Bh6+ Bg7 13. Nf3 Qf6 14. Ne5 Bxh6 15. Ng6+ Kg7 16. Nxh8 Kxh8 17. Qe8+ Qf8 18. Qxf8+ Bxf8 19. 0-0-0 Bh6+ 20. Kb1 Bf3 21. Rg1 Nc6 0-1

[Event "GER-chT U16 Girls"]
[Site "Neumuenster"]
[Date "2022.12.29"]
[Round "5"]
[White "Henzel, Leonie"]
[Black "Claussen, Daniela"]
[Result "1/2-1/2"]
[WhiteElo "1275"]
[BlackElo "1052"]
[PlyCount "71"]
[EventDate "2022.12.26"]
[EventType "team-swiss"]
[EventRounds "7"]
[EventCountry "GER"]
[SourceTitle "CBM 212 Extra"]
[Source "ChessBase"]
[SourceDate "2023.03.31"]
[SourceVersion "1"]
[SourceVersionDate "2023.03.31"]
[SourceQuality "1"]
[WhiteTeam "Paderborn Akademie"]
[BlackTeam "Essen Werden"]
[WhiteTeamCountry "GER"]
[BlackTeamCountry "GER"]

1. d4 e6 2. Nf3 b6 3. g3 Bb7 4. Bg2 d6 5. 0-0 Nd7 6. b3 f5 7. Ng5 Bxg2 8. Kxg2 Qe7 9. d5 e5 10. Ne6 Nc5 11. Nxf8 Qxf8 12. Nc3 Nf6 13. Nb5 Qf7 14. c4 a6 15. Nc3 Nfe4 16. Nxe4 Nxe4 17. Qd3 Nc5 18. Qc2 0-0 19. Bb2 f4 20. Qc3 Ne4 21. Qd3 Qf5 22. f3 Nc5 23. Qxf5 Rxf5 24. g4 Rg5 25. h4 Rg6 26. h5 Rg5 27. Rh1 h6 28. Rad1 g6 29. Rh4 Kf7 30. hxg6+ Kxg6 31. Rdh1 Rh8 32. Rh5 a5 33. Rxg5+ Kxg5 34. Rh5+ Kg6 35. Kf2 Rf8 36. Rh3 1/2-1/2

[Event "GER-chT U16 Girls"]
[Site "Neumuenster"]
[Date "2022.12.28"]
[Round "3"]
[White "Chen, Michelle"]
[Black "Claussen, Daniela"]
[Result "1-0"]
[WhiteElo "1039"]
[BlackElo "1052"]
[PlyCount "85"]
[EventDate "2022.12.26"]
[EventType "team-swiss"]
[EventRounds "7"]
[EventCountry "GER"]
[SourceTitle "CBM 212 Extra"]
[Source "ChessBase"]
[SourceDate "2023.03.31"]
[SourceVersion "1"]
[SourceVersionDate "2023.03.31"]
[SourceQuality "1"]
[WhiteTeam "Norderstedt"]
[BlackTeam "Essen Werden"]
[WhiteTeamCountry "GER"]
[BlackTeamCountry "GER"]

1. d4 e6 2. c4 b6 3. Nf3 Bb7 4. Bf4 f5 5. Nc3 Bb4 6. e3 Nf6 7. Bd3 Bxc3+ 8. bxc3 h6 9. 0-0 0-0 10. Ne5 Qe8 11. Qc2 d6 12. Nf3 Nbd7 13. Bg3 e5 14. Bxf5 e4 15. Nd2 g6 16. Bh3 g5 17. Bf5 Nh5 18. Bxe4 Nxg3 19. fxg3 Bxe4 20. Nxe4 Qe7 21. Rxf8+ Rxf8 22. Rf1 Nf6 23. Nxf6+ Rxf6 24. Rxf6 Qxf6 25. Qe4 a5 26. Qf3 Qg6 27. Qd5+ Kg7 28. e4 Qh5 29. e5 Qd1+ 30. Kf2 Qd2+ 31. Kf3 Qd1+ 32. Ke4 Qc2+ 33. Kf3 Qd1+ 34. Ke3 Qg1+ 35. Kd2 Qf2+ 36. Kd3 Qf1+ 37. Kc2 Qe2+ 38. Kb3 Qd1+ 39. Ka3 Qc1+ 40. Ka4 Qxc3 41. Kb5 Qb4+ 42. Kc6 Qa4+ 43. Kxc7 1-0

[Event "GER-chT U14 Girls"]
[Site "Willingen"]
[Date "2021.06.27"]
[Round "7.8"]
[White "Claussen, Daniela"]
[Black "Kube, Maja"]
[Result "0-1"]
[WhiteElo "992"]
[BlackElo "979"]
[PlyCount "90"]
[EventDate "2021.06.23"]
[EventType "team-swiss"]
[EventRounds "7"]
[EventCountry "GER"]
[SourceTitle "EXT 2022"]
[Source "ChessBase"]
[SourceDate "2021.10.06"]
[SourceVersion "1"]
[SourceVersionDate "2021.10.06"]
[SourceQuality "1"]
[WhiteTeam "Essen Werden"]
[BlackTeam "Papenburg"]
[WhiteTeamCountry "GER"]
[BlackTeamCountry "GER"]

1. e3 d5 2. b3 e5 3. Bb2 Bd6 4. f4 Qe7 5. Nf3 Nd7 6. Be2 Ngf6 7. 0-0 e4 8. Nd4 g6 9. d3 a6 10. Nd2 0-0 11. Qe1 c5 12. f5 cxd4 13. Bxd4 Be5 14. Bxe5 Nxe5 15. c4 exd3 16. Bd1 Bxf5 17. Bf3 Nxf3+ 18. Rxf3 Nh5 19. g3 Be4 20. Rf2 dxc4 21. bxc4 f5 22. Nxe4 Qxe4 23. Rc1 Rad8 24. Rd2 Rd7 25. Qf1 Qxe3+ 26. Qf2 Qxf2+ 27. Kxf2 Rfd8 28. Rc3 g5 29. Ke3 f4+ 30. Kf3 Nf6 31. gxf4 g4+ 32. Ke3 h5 33. Rcxd3 h4 34. Rxd7 Rxd7 35. Rb2 g3 36. hxg3 hxg3 37. Kf3 Rd3+ 38. Kg2 Nh5 39. Rxb7 Nxf4+ 40. Kg1 g2 41. Kf2 Rd2+ 42. Kg1 Rd1+ 43. Kf2 g1Q+ 44. Kf3 Qg2+ 45. Kxf4 Qxb7 0-1

[Event "Heusenstamm Sparkassen op U14 6th"]
[Site "Heusenstamm"]
[Date "2019.11.23"]
[Round "2"]
[White "Claussen, Daniela"]
[Black "Henrich, Leonard"]
[Result "0-1"]
[WhiteElo "870"]
[BlackElo "1006"]
[PlyCount "76"]
[EventDate "2019.11.21"]
[EventType "swiss"]
[EventRounds "7"]
[EventCountry "GER"]
[SourceTitle "CBM 194 Extra"]
[Source "ChessBase"]
[SourceDate "2020.03.31"]
[SourceVersion "1"]
[SourceVersionDate "2020.03.31"]
[SourceQuality "1"]

1. d4 d5 2. c4 dxc4 3. e3 Bf5 4. Bxc4 e6 5. Nf3 Nc6 6. Nc3 Nf6 7. 0-0 Bb4 8. a3 Bxc3 9. bxc3 0-0 10. h3 h6 11. Bd2 Ne4 12. Bb5 Qd6 13. c4 a6 14. Bxc6 Qxc6 15. Bb4 Rfd8 16. Ne5 Qb6 17. Qb3 Nd2 18. Qd1 Nxf1 19. Qxf1 a5 20. Bd2 Qb2 21. Bc1 Qxa1 22. g4 Be4 23. Qe1 Qb1 24. Kh2 Qb6 25. Qe2 Qd6 26. g5 hxg5 27. Qg4 f6 28. Qxe4 fxe5 29. Qf3 Rf8 30. Qxb7 Rxf2+ 31. Kg1 Raf8 32. dxe5 Rf1+ 33. Kg2 R8f2+ 34. Kg3 Qxe5+ 35. Kg4 Qf5+ 36. Kh5 Rh2 37. Qc8+ Kh7 38. Qxc7 Rxh3# 0-1